000 00646nam a2200241Ia 4500
003 OSt
005 20221007065008.0
006 a|||||r|||| 00| 0
007 ta
008 221006b |||||||| |||| 00| 0 eng d
024 _a1,214
037 _cTextual
040 _aFLL
_cFLL
_beng
041 _2eng
_aeng
082 _aX415:Z2, M4
100 _aTiwari O. P.
_9449963
245 0 _aLaw of carriers in India
260 _aDelhi
_bSeven Stars Publications (India) India
_c1984
300 _a278p
_ccm.
650 _aLaw of carriers
_9686520
942 _hX415:Z2, M4
_cTEXL
_2CC
999 _c1135972
_d1135972